000 00659nam a2200181Ia 4500
005 20250508155530.0
008 008 250505s9999 xx 000 0 eng d
037 _aBooks to be hide in OPAC
040 _aFEDL
_beng
_cFEDL
041 _aeng
_2eng
084 _a371.12, GRE/O
_qFEDL
245 0 _aTraining and supply of teachers of handicapped pupils: Fourth report of the National advisory council on the trainig and supply of teachers
245 0 _cGreat Britain. Education, (Ministry of ...)
260 _aLondon, UK
_bHer Majesty's Stationery Office
_c1954
300 _a45p
942 _cHB
_h371.12, GRE/O
999 _c1357491
_d1357491